00378nam a2200157Ia 4500003000400000005001700004008004100021040000700062041001200069082001500081100002000096245005100116260001800167300002700185365000800212OSt20251110184356.0210423s9999 xx 000 0 und d cAL aEnglish a370 bFERO aMervyn Fernando aOutline of a new education orders for srilanka bSubodhic2021 a61p.bPBc21.5x13.9cm. cINR